000 00786nam a2200277 a 4500
003 AR-BaBNM
005 20251128210218.0
008 082120s2002 ||||||||||||||000 | spa||
020 _a950-99896-0-6
040 _cAR-BaBNM
100 1 _aGentile, Enzo
245 0 0 _aLa aritmética elemental en la formación matemática
260 _aBuenos Aires
_bOlimpíada Matemática Argentina
_c1991
300 _a94 p.
_bgráfs., tablas
500 _aContiene apéndices p. 85-94
650 4 _aENSEÑANZA DE LAS MATEMATICAS
650 4 _aARITMETICA
650 4 _aCONCEPTOS ARITMETICOS
650 4 _aSOLUCION DE PROBLEMAS
650 4 _aACTIVIDADES
650 4 _aDICCIONARIOS
653 _aPROBLEMAS [MATEMATICA]
700 1 _aAraujo, José O.
942 _cBK
998 _cRaquel
999 _c14529
_d14529